[Event "AUTO-BEG-330"]
[Site "http://www.queenalice.com/game.php?id=623996"]
[Date "2009.7.24"]
[Round "1"]
[White "ralphinho"]
[Black "tsabadini"]
[Result "1-0"]
[WhiteElo "1330"]
[BlackElo "1252"]

1. e4 e5 2. Qf3 Nh6 3. Nc3 Bb4 4. Bc4 O-O 5. Nd5 Nc6 6. c3 Bc5 7. b4 Bb6 8. Ba3
d6 9. Qh5 Bg4 10. Nxb6 Bxh5 11. Nxa8 Qxa8 12. g3 Ng4 13. h3 Nf6 14. g4 Bg6 15.
f3 a6 16. Ne2 Qa7 17. h4 h5 18. Ng3 hxg4 19. fxg4 Nxg4 20. Rf1 b5 21. Bd5 a5 22.
Bxc6 Nh2 23. Rf2 Ng4 24. Rg2 Qb6 25. Bd7 Nf6 26. Bf5 Bh5 27. Nxh5 Nxh5 28. O-O-O
Nf4 29. Rg4 Ne2+ 30. Kb1 Nxc3+ 31. dxc3 Qe3 32. Kc2 Qe2+ 33. Rd2 Qf3 34. Rdg2
Qxf5 35. exf5 d5 36. Rxg7+ Kh8 37. R7g5 d4 38. Rh5# 1-0

[Event "AUTO-BEG-330"]
[Site "http://www.queenalice.com/game.php?id=624011"]
[Date "2009.7.24"]
[Round "1"]
[White "ralphinho"]
[Black "patobesta"]
[Result "1-0"]
[WhiteElo "1547"]
[BlackElo "1306"]

1. e4 c5 2. Qf3 Nc6 3. Bc4 Ne5 4. Qb3 e6 5. Nf3 Nxc4 6. Qxc4 Nf6 7. b3 d5 8.
exd5 exd5 9. Qb5+ Nd7 10. O-O a6 11. Re1+ Be7 12. Qd3 Nf6 13. c4 O-O 14. cxd5
Nxd5 15. Ba3 b6 16. Nc3 Nxc3 17. Qxc3 Bf6 18. Ne5 Qd5 19. Qf3 Qxf3 20. gxf3 Bb7
21. f4 Rfd8 22. Rad1 h6 23. Ng4 Bh4 24. Bb2 Bf3 25. Ne3 Bxd1 26. Rxd1 b5 27. Nf5
g5 28. Nxh6+ Kf8 29. Nf5 Rd5 30. Nxh4 gxh4 31. h3 Rf5 32. d4 Rxf4 33. dxc5 Rc8
34. Rc1 Ke7 35. c6 Re4 36. Kf1 Ke6 37. f3 Rf4 38. Kf2 Kd5 39. c7 Rf5 40. b4 Kd6
41. a3 Rxc7 42. Rxc7 Kxc7 43. Ke3 Kd6 44. Ke4 Rd5 45. Bf6 Rh5 46. f4 Ke6 47. Be5
f5+ 48. Kd4 Kd7 49. Bf6 Kd6 50. Be5+ Ke6 51. Kc5 Rh6 52. Bd4 Kd7 53. Be5 Rc6+
54. Kd5 Rc3 55. Bxc3 1-0

[Event "AUTO-BEG-330"]
[Site "http://www.queenalice.com/game.php?id=624012"]
[Date "2009.7.24"]
[Round "1"]
[White "patobesta"]
[Black "ralphinho"]
[Result "0-1"]
[WhiteElo "1279"]
[BlackElo "1453"]

1. e4 e5 2. Nf3 Nc6 3. Bb5 Qf6 4. Nc3 a6 5. Ba4 Bc5 6. Nd5 Qd6 7. O-O Nf6 8.
Bxc6 Qxc6 9. Nxe5 Qd6 10. Nxf6+ Qxf6 11. Nf3 d6 12. d4 Bb6 13. c3 h6 14. e5 dxe5
15. Nxe5 O-O 16. Qd3 Bf5 17. Qg3 g5 18. f4 Rfe8 19. fxg5 Qxe5 20. gxh6+ Qxg3 21.
hxg3 Bd3 22. Rf3 Re1+ 23. Kh2 Bh7 24. Rf4 c6 25. b4 f5 26. g4 Bc7 27. g3 Bxf4
28. gxf4 fxg4 29. Kg3 Bf5 30. Kh4 Kh7 31. Kg5 Rf8 32. Bb2 Rxa1 0-1

[Event "AUTO-BEG-330"]
[Site "http://www.queenalice.com/game.php?id=624013"]
[Date "2009.7.24"]
[Round "1"]
[White "ralphinho"]
[Black "felipecpv94"]
[Result "1-0"]
[WhiteElo "1576"]
[BlackElo "1328"]

1. e4 e5 2. Nf3 Nc6 3. d4 exd4 4. Nxd4 Nxd4 5. Qxd4 c5 6. Qa4 a5 7. h4 h5 8. Nc3
Nf6 9. Bg5 Be7 10. Bb5 Ng4 11. Bxe7 Qxe7 12. Rd1 Ne5 13. Nd5 Qd8 14. f4 Nc6 15.
O-O O-O 16. g3 Nd4 17. c3 Nxb5 18. Qxb5 Ra6 19. Qxc5 d6 20. Qd4 Be6 21. f5 Bxd5
22. Qxd5 a4 23. Qxb7 Rb6 24. Qa7 Rxb2 25. Qxa4 Qb6+ 26. Qd4 Qc7 27. f6 g6 28.
Qe3 Rxa2 29. Qh6 Qc5+ 30. Rd4 1-0

[Event "AUTO-BEG-330"]
[Site "http://www.queenalice.com/game.php?id=624014"]
[Date "2009.7.24"]
[Round "1"]
[White "felipecpv94"]
[Black "ralphinho"]
[Result "0-1"]
[WhiteElo "1328"]
[BlackElo "1492"]

1. e4 e5 2. Nf3 Nc6 3. Bb5 d6 4. Bxc6+ bxc6 5. O-O Rb8 6. d3 c5 7. c4 a6 8. Nc3
Bd7 9. h3 f6 10. Nd5 h5 11. h4 c6 12. Nc3 Bg4 13. a4 a5 14. b3 f5 15. exf5 Bxf5
16. Bg5 Be7 17. Bxe7 Qxe7 18. Ng5 Nf6 19. g3 d5 20. Rb1 e4 21. dxe4 dxe4 22. Re1
O-O 23. f3 Qe5 24. Ngxe4 Nxe4 25. Nxe4 Bxe4 26. fxe4 Qxg3+ 27. Kh1 Rf2 28. Qd5+
cxd5 0-1

[Event "Challenge"]
[Site "http://www.queenalice.com/game.php?id=624157"]
[Date "2009.7.24"]
[Round "-"]
[White "sunking"]
[Black "ralphinho"]
[Result "0-1"]
[WhiteElo "1741"]
[BlackElo "1508"]

1. d4 d5 2. Nc3 e6 3. Nf3 Nc6 4. Ne5 Nxe5 5. dxe5 Bb4 6. Bd2 f5 7. Na4 Qe7 8. c3
Bc5 9. Nxc5 Qxc5 10. b4 Qe7 11. Qa4+ c6 12. Rb1 b5 13. Qd1 g5 14. e3 h5 15. f4
a5 16. bxa5 Rxa5 17. fxg5 Qxg5 18. g3 Qg7 19. Be2 Kf8 20. Bxh5 Qxe5 21. Rf1 Nf6
22. Bg6 Rxh2 23. Qe2 Qxg3+ 24. Kd1 Rxe2 25. Kxe2 Qxg6 26. Rg1 Ng4 27. c4 Rxa2
28. Kd3 dxc4+ 29. Kc3 Qf6+ 30. Kb4 Qe7+ 31. Kc3 Qa3+ 32. Kd4 Rxd2# 0-1

[Event "Challenge"]
[Site "http://www.queenalice.com/game.php?id=631076"]
[Date "2009.8.5"]
[Round "-"]
[White "jeancnet"]
[Black "ralphinho"]
[Result "0-1"]
[WhiteElo "1376"]
[BlackElo "1470"]

1. e4 e6 2. Nf3 Nc6 3. Ng5 Qxg5 4. Qf3 Nf6 5. c3 d5 6. exd5 Nxd5 7. c4 Ndb4 8.
g3 Nc2+ 9. Kd1 Nxa1 10. h4 Qa5 11. Bh3 Qxa2 12. Re1 Qxb1 13. Re4 Qc2+ 14. Ke2
Qxc1 15. Re3 Qxc4+ 16. Rd3 Nb4 17. Bg4 Nxd3 18. Bh5 Ne5+ 19. d3 Qc2+ 20. Ke3
Nxf3 21. Kxf3 Qd1+ 22. Kf4 Qxh5 23. g4 Qxh4 24. Ke5 Qxg4 0-1

[Event "Challenge"]
[Site "http://www.queenalice.com/game.php?id=633707"]
[Date "2009.8.9"]
[Round "-"]
[White "ralphinho"]
[Black "spectro"]
[Result "1-0"]
[WhiteElo "1557"]
[BlackElo "1500"]

1. e4 e5 2. Nf3 d6 3. Bc4 h6 4. Nc3 Bg4 5. h3 Bxf3 6. Qxf3 Nf6 7. d3 a6 8. Nd5
b5 9. Bb3 Nc6 10. Nxf6+ gxf6 11. Bd5 Nd4 12. Qd1 c6 13. c3 cxd5 14. cxd4 exd4
15. exd5 Ra7 16. O-O Qa8 17. Re1+ Re7 18. Rxe7+ Bxe7 19. Qf3 h5 20. Qe4 Kd7 21.
Bf4 Qa7 22. Re1 Re8 23. Qh7 Rf8 24. Bh6 Re8 25. Qxf7 Qc5 26. Bf8 Qxd5 27. Qxd5
Bxf8 28. Qb7+ Kd8 29. Qb8+ Kd7 30. Qxe8+ Kc7 31. Qxf8 Kc6 32. Qxf6 a5 33. Rc1+
Kd5 34. Qf5# 1-0

[Event "Challenge"]
[Site "http://www.queenalice.com/game.php?id=637743"]
[Date "2009.8.16"]
[Round "-"]
[White "ralphinho"]
[Black "Omar"]
[Result "1-0"]
[WhiteElo "1636"]
[BlackElo "1568"]

1. e4 e6 2. d4 d6 3. Nf3 h6 4. Nc3 a6 5. d5 e5 6. h4 g6 7. a4 Bg7 8. a5 h5 9. g3
Nd7 10. b4 Nh6 11. Bd2 Ng4 12. Nb1 b6 13. c4 Ndf6 14. Bd3 Bd7 15. Nh2 Nxh2 16.
Rxh2 Ng4 17. Rh1 b5 18. cxb5 Bxb5 19. Bxb5+ axb5 20. f3 Nf6 21. Nc3 Qb8 22. Qe2
Qb7 23. Kf2 O-O 24. Qxb5 Rfb8 25. Qxb7 Rxb7 26. Ra4 Nd7 27. Be3 Rbb8 28. Rc1 Rc8
29. Nb5 Bf8 30. a6 Nb6 31. Bxb6 cxb6 32. Rxc8 Rxc8 33. a7 Bh6 34. a8=Q Rxa8 35.
Rxa8+ Kg7 36. Nxd6 Bd2 37. b5 Bb4 38. Ne8+ Kh6 39. d6 Bc5+ 40. Ke2 Kh7 41. Nf6+
Kg7 42. d7 Kxf6 43. d8=Q+ Be7 44. Qxb6+ Kg7 45. Qb8 Kf6 46. Ra6+ Kg7 47. Qxe5+
Bf6 48. Qxf6+ Kf8 49. Ra8# 1-0

[Event "Challenge"]
[Site "http://www.queenalice.com/game.php?id=641675"]
[Date "2009.8.24"]
[Round "-"]
[White "yclaudiu35"]
[Black "ralphinho"]
[Result "0-1"]
[WhiteElo "1888"]
[BlackElo "1607"]

1. e4 c5 2. Qf3 Nc6 3. c3 Nf6 4. d3 d5 5. exd5 Bg4 6. Qe3 Nxd5 7. Qxc5 e5 8. Qc4
Nd4 9. cxd4 Rc8 10. Qb5+ Bd7 11. Qxd5 Rxc1+ 12. Kd2 Qg5+ 13. Ke2 Rc2+ 14. Kf3
Qf4# 0-1

[Event "Challenge"]
[Site "http://www.queenalice.com/game.php?id=644310"]
[Date "2009.8.29"]
[Round "-"]
[White "ralphinho"]
[Black "yclaudiu35"]
[Result "0-1"]
[WhiteElo "1649"]
[BlackElo "1877"]

1. d4 d5 2. c4 dxc4 3. e4 Nc6 4. Be3 e6 5. Bxc4 Nf6 6. Nc3 Bb4 7. f3 O-O 8. Ne2
Qd7 9. O-O Rd8 10. e5 Ne8 11. Qc2 Bxc3 12. bxc3 a6 13. Rab1 b5 14. Bd3 g6 15.
Bg5 Ne7 16. a4 bxa4 17. Be4 Ra7 18. Nf4 Ng7 19. Nd3 Qe8 20. Qa2 Bd7 21. Qc4 Bb5
22. Qc5 Bxd3 23. Bxd3 Nc8 24. Bxd8 Qxd8 0-1